000 00555nam a22001697a 4500
005 20251108171936.0
008 250721s1998 xx 000 0 ara d
082 1 4 _a351.007/لوز
100 1 _aاللوزي، موسى
245 1 0 _aالتطوير التنظيمي أساسيات و مفاهيم حديثة :
_bأساسيات و مفاهيم حديثة /
264 1 _aعمان :
_bدار وائل للنشر،
_c1998.
300 _a343ص
650 1 7 _aالإدارة العامة
650 1 7 _aالتنظيم
942 _2ddc
_cBK
999 _c66486
_d66486